36徳島県の市町村 - Statistics

General Stats
  • This quiz has been taken 57 times
    53 since last reset
  • The average score is 12 of 24
Answer Stats
Answer % Correct
徳島市
100%
鳴門市
90%
阿南市
83%
三好市
79%
吉野川市
69%
阿波市
69%
小松島市
62%
美馬市
55%
板野郡板野町
52%
那賀郡那賀町
48%
板野郡松茂町
48%
板野郡藍住町
48%
三好郡東みよし町
48%
板野郡上板町
41%
海部郡牟岐町
38%
海部郡海陽町
38%
板野郡北島町
38%
名東郡佐那河内村
34%
海部郡美波町
34%
勝浦郡勝浦町
31%
美馬郡つるぎ町
31%
勝浦郡上勝町
28%
名西郡石井町
28%
名西郡神山町
28%
No matching quizzes found
Score Distribution
Percent of People with Each Score
Percentile by Number Answered
Your Score History
You have not taken this quiz since the last reset